| 000 | 00857nmm a2200325 a 4500 | ||
|---|---|---|---|
| 003 | AR-BaBNM | ||
| 005 | 20251128204845.0 | ||
| 008 | 106019s1977 ||||||||||||||000 | spa|| | ||
| 040 | _cAR-BaBNM | ||
| 100 | 1 | _aSilva, José Asunción | |
| 245 | 1 | 0 | _aObra completa |
| 260 |
_aCaracas _bBiblioteca Ayacucho _c1977 |
||
| 300 | 1 | _alv, 325 p. | |
| 500 | 0 | _aContiene estudio preliminar | |
| 500 | 0 | _aIndice general | |
| 500 | 0 | _aCronología | |
| 504 | _aBibliografía | ||
| 650 | 4 | _aPOESIAS | |
| 650 | 4 | _aLITERATURA LATINOAMERICANA | |
| 650 | 4 | _aLITERATURA CONTEMPORANEA | |
| 650 | 4 | _aENSAYO | |
| 650 | 4 | _aBIOGRAFIAS | |
| 653 | 0 | _aMODERNISMO | |
| 655 | _aLITERATURA | ||
| 700 | 1 |
_aCamacho Guizado, Eduardo _eprologuista |
|
| 700 | 1 |
_aCamacho Guizado, Eduardo _eeditor |
|
| 700 | 1 |
_aMejía, Gustavo _eeditor |
|
| 942 | _cBK | ||
| 998 | _cisola | ||
| 999 |
_c9062 _d9062 |
||